|
|
|
|
| LEADER |
00723nam a22001697a 4500 |
| 008 |
170603b xxu||||| |||| 00| 0 eng d |
| 020 |
|
|
|a 9780521716222
|
| 082 |
|
|
|a 155.232
|
| 100 |
|
|
|a Matthewa, Gerald, Deary, Ian J and Whiteman, Martha C.
|
| 245 |
|
|
|a Personality traits /
|c Gerald Matthewa, Ian J. Deary and Martha c. Whiteman.
|
| 250 |
|
|
|a 3rd ed.
|
| 260 |
|
|
|a UK:
|b cambridge university press,
|c c2014.
|
| 300 |
|
|
|a xxx, 568p.;
|c 25cm.
|
| 650 |
|
7 |
|2 fast
|9 1120436
|a Personality
|
| 942 |
|
|
|c BK
|
| 999 |
|
|
|c 282917
|d 282917
|
| 952 |
|
|
|0 0
|1 0
|2 ddc
|4 0
|6 155_232000000000000_MAT_P
|7 0
|9 320729
|a LLE
|b LLE
|c ST1
|d 2016-03-12
|e The Book Shop Publication Division University of Calicut
|g 2488.58
|i 2707
|o 155.232 MAT/P
|p LLE2707
|r 2017-06-03
|v 3555.11
|y BK
|